• 首页
  • 本馆介绍
  • 公告通知
  • 最新文献
  • 馆藏检索
  • 电子资源
  • 读者导购
  • 参考咨询
  • 我的图书馆
  • 登录
  • 详细信息显示
  • 放入我的书架
  • 预约/预借图书
  • 作者相关作品
  • 分类相关作品
  • 丛书相关作品
  • 出版社相关作品

书目信息

  • 表格格式
  • 工作单格式
  • 卡片格式
题名:
人工瘤胃发酵饲料
    
 
作者: 《人工瘤胃发酵饲料》科研协作组编
分册:  
出版信息: 北京   科学出版社  1976
页数: 50页
开本: 19cm
丛书名: 农村科学实验丛书
单 册:
中图分类: S816.6
科图分类:
主题词: 人工瘤胃发酵饲料
电子资源:
ISBN: 16031.36
000 00667oam2 2200241 450
001 0176004142
005 20100712215204.0
010    @a16031.36@dCNY0.15
091    @a16031.36
100    @a19980317d1976 em y0chiy0110 ea
101 0  @achi
102    @aCN@b110000
105    @ay z 000yy
106    @ar
200 1  @a人工瘤胃发酵饲料@9Ren Gong Liu Wei Fa Jiao Si Liao @f《人工瘤胃发酵饲料》科研协作组编
210    @a北京@c科学出版社@d1976
215    @a50页@d19cm
225 2  @a农村科学实验丛书
461  0 @12001 @a农村科学实验丛书
606 0  @a人工瘤胃发酵饲料
690    @aS816.6@v3
801  0 @aCN@b91MARC@c20130904
905    @aBZT@dS816@e111@f10@sS816/111
    
    人工瘤胃发酵饲料/《人工瘤胃发酵饲料》科研协作组编.-北京:科学出版社,1976
    50页;19cm.-(农村科学实验丛书)
    
    
    ISBN 16031.36:CNY0.15
    
●
相关链接 在五车中查询图书 在当当中查询图书 在豆瓣中查询图书


正题名:人工瘤胃发酵饲料     索取号:S816/111         预约/预借

序号 登录号 条形码 馆藏地/架位号 状态 备注
1 2000095742   2000095742   旧书回溯/ [索取号:S816/111] 在馆    
2 2000095743   2000095743   旧书回溯/ [索取号:S816/111] 在馆    
3 2000095744   2000095744   旧书回溯/ [索取号:S816/111] 在馆    
4 2000095745   2000095745   旧书回溯/ [索取号:S816/111] 在馆    
5 2000095746   2000095746   旧书回溯/ [索取号:S816/111] 在馆    
6 2000095747   2000095747   旧书回溯/ [索取号:S816/111] 在馆    
7 2000095748   2000095748   旧书回溯/ [索取号:S816/111] 在馆    
8 2000095749   2000095749   旧书回溯/ [索取号:S816/111] 在馆    
9 2000095750   2000095750   旧书回溯/ [索取号:S816/111] 在馆    
10 2000095751   2000095751   旧书回溯/ [索取号:S816/111] 在馆    
山东省滨州职业学院图书馆 欢迎您!
大连网信软件有限公司© 版权所有